| 000 | 00739nam a2200229 a 4500 | ||
|---|---|---|---|
| 001 | 000004358 | ||
| 005 | 20200929151430.0 | ||
| 008 | 990608s2000 sp 000 f spa d | ||
| 020 | _a8420442240 | ||
| 040 |
_aDO-SdBNP _bspa _cBNPHU |
||
| 082 |
_a896.2 _bB456n |
||
| 100 | 1 |
_aBen Jelloun, Tahar, _d1944- _912841 |
|
| 240 | 1 | 0 |
_aL´auberge des pauvres. _lEspañol |
| 245 | 1 | 4 |
_aLos náufragos del amor / _cTahar Ben Jelloun ; traducción de Malika Embarek López. |
| 260 |
_aMadrid : _bAlfaguara, _c2000. |
||
| 300 |
_a317 p. ; _c21 cm. |
||
| 534 |
_aTítulo original: _tL´auberge des pauvres |
||
| 650 | 4 |
_aNovela marroqui _912842 |
|
| 650 | 4 |
_aLiteratura marroqui _912843 |
|
| 700 | 1 |
_aEmbarek López, Malika, _etr. _912844 |
|
| 910 | _aWM | ||
| 999 |
_c4167 _d4167 |
||